000 01360nam a2200361 c 4500
001 58136
003 CO-BoRNBP
005 20250816002603.0
007 ta
008 201217s2020 ck a|||br6||| 00| | spa d
020 _a9789585275089
040 _aCO-BoRNBP
_bspa
_erda
_cCO-BoRNBP
041 0 _aspa
084 _aH
100 _aPantoja, Óscar,
_d1971-
_eaut
_951089
245 1 0 _aCómbita /
_cguión Óscar Pantoja ; ilustración Jim Pluk.
250 _aEdición especial
264 1 _aBogotá, Colombia :
_bRey Naranjo Editores,
_c2020
300 _a32 páginas :
_bilustraciones
336 _2rdacontent
_atexto
_btxt
337 _2rdamedia
_asin mediación
_bn
338 _2rdacarrier
_avolumen
_bnc
490 0 _aPlan Nacional de Lectura y Escritura Leer es mi Cuento / Ministerio de Cultura
521 _aRecomendado para un público infantil mayor de 6 años
545 _aIncluye datos biográficos del autor e ilustrador al final del texto
650 0 7 _aCiclismo
_vtiras cómicas, historietas, etc
_2lemb
_962536
650 0 7 _aNiñas
_vtiras cómicas, historietas, etc
_2lemb
_962537
650 0 4 _aTiras cómicas, historietas, etc. colombianas
_2LEMB
_962538
650 0 4 _aLiteratura infantil colombiana
_ysiglo xx
_2LEMB
_9364
655 _aTiras cómicas, historietas, etc.
_9324780
700 _aPluk, Jim
_eill
_960326
942 _2loc
_cBKLIT
999 _c58136
_d58136